Anti-Jamming in Wireless Networks using reinforcement learning (DRL) / (Record no. 615320)

000 -LEADER
fixed length control field 00792nam a2200169 4500
040 ## - CATALOGING SOURCE
Transcribing agency NUST
082 ## - DEWEY DECIMAL CLASSIFICATION NUMBER
Classification number 621.382,NAW
100 ## - MAIN ENTRY--PERSONAL NAME
Personal name Nawaz, Capt Zain Ali (BEE-58 / TCC-33)
9 (RLIN) 131731
245 ## - TITLE STATEMENT
Title Anti-Jamming in Wireless Networks using reinforcement learning (DRL) /
Statement of responsibility, etc. Capt Zain Ali Nawaz, Malik Muhammad Zubair, Jawad Ali and Ahmad Raza (BEE-58 / TCC-33)
260 ## - PUBLICATION, DISTRIBUTION, ETC.
Place of publication, distribution, etc. Rawalpindi
Name of publisher, distributor, etc. MCS (NUST)
Date of publication, distribution, etc. 2025
300 ## - PHYSICAL DESCRIPTION
Extent 83 p.;
505 ## - FORMATTED CONTENTS NOTE
Formatted contents note Introduction (Page-16), Literature Review (Page-21), Design Methodology (Page-29), Implementation and Simulation (Page-37), Performance Analysis (Page-47), Future Works and References (Page-55), References (Page-61).
650 ## - SUBJECT ADDED ENTRY--TOPICAL TERM
Topical term or geographic name entry element UG Project
9 (RLIN) 131132
651 ## - SUBJECT ADDED ENTRY--GEOGRAPHIC NAME
Geographic name BEE-58
9 (RLIN) 131723
700 ## - ADDED ENTRY--PERSONAL NAME
Personal name Supervised by Lt Col Imran Nazir
9 (RLIN) 131726
942 ## - ADDED ENTRY ELEMENTS (KOHA)
Source of classification or shelving scheme
Koha item type Project Report
Holdings
Withdrawn status Lost status Source of classification or shelving scheme Damaged status Not for loan Permanent Location Current Location Shelving location Date acquired Total Checkouts Full call number Barcode Date last seen Price effective from Koha item type Public note
          Military College of Signals (MCS) Military College of Signals (MCS) Reference 11/07/2025   621.382,NAW MCSPTE-343 11/07/2025 11/07/2025 Project Report Almirah No.70, Shelf No.5
© 2023 Central Library, National University of Sciences and Technology. All Rights Reserved.